000 00966nam a2200241 4500
003 CO-ViMGA
020 _a9789585949485
040 _aCO-ViMGA
_bspa
_cCO-ViMGA
090 _aC ORA1
100 1 _aOranje, Laurentien Van.
_98452
245 1 0 _aEl señor Finney y el mundo patas arriba /
_cLaurentien Van Oranje.
260 _aBogotá :
_bTaller de Edición Rocca,
_c2016.
300 _a96 páginas :
_bilustraciones en color ; 29 cm.
490 _aPlan Nacional de Lectura y Escritura Leer es mi Cuento / Ministerio de Cultura
650 1 4 _aConversación del medio ambiente en la literatura
_98455
650 1 4 _aCuentos juveniles holandeses
_ySiglo XXI
_98453
650 1 4 _aLiteratura juvenil holandesa
_ySiglo XXI
_98454
650 1 4 _aprotección del medio ambiente en la literatura
_98456
700 1 _aJong, Caroline de,
_etraductor
_98459
700 1 _aPosthuma, Sieb,
_eilustrador
_98457
700 1 _aRaluy, Gustau,
_etraductor
_98458
942 _2ddc
_cBK
999 _c7601
_d7601